| 000 | 00368nam a2200145Ia 4500 | ||
|---|---|---|---|
| 008 | 150201s2005 xx 000 0 und d | ||
| 082 |
_a611 _bC2005R |
||
| 100 | _aROMANES G.J. | ||
| 245 | _aCUNNINGHAMS MANNUAL OF PRACTICAL ANATOMY | ||
| 250 | _a5TH | ||
| 260 |
_bOXFORD MEDICAL PUBLICATIONS _aOXFORD _c2005 |
||
| 300 | _a1-263 | ||
| 650 | _aANATOMY | ||
| 942 |
_2ddc _cBK |
||
| 999 |
_c3974 _d3974 |
||